[Event "Guernsey Holiday"]
[Site "?"]
[Date "2007.10.21"]
[Round "1"]
[White "Van Rooijen, Gerardus C"]
[Black "Finch, J Russell"]
[Result "1/2-1/2"]
[WhiteElo "1480"]
[BlackElo "1706"]
[PlyCount "69"]
[EventDate "2007.11.23"]

1. d4 Nf6 2. c4 g6 3. Nc3 Bg7 4. Bg5 O-O 5. e3 d6 6. h3 Nbd7 7. Nf3 a6 8. Bd3
c5 9. d5 Qa5 10. O-O Re8 11. Qc2 Rb8 12. Rac1 b5 13. b3 e6 14. Ne4 Nxe4 15.
Bxe4 e5 16. Bh4 f5 17. Bxf5 gxf5 18. Qxf5 Nf6 19. Qc2 e4 20. Nd2 Bf5 21. Bxf6
Bxf6 22. f3 Bg5 23. f4 Bh6 24. g4 Bg6 25. g5 Bg7 26. f5 Re5 27. fxg6 Rxg5+ 28.
Kh1 Rg3 29. Nxe4 Rxh3+ 30. Kg2 Rxe3 31. Nxd6 hxg6 32. Qf2 Re7 33. Qc2 Qc7 34.
Ne4 Qe5 35. Rce1 1/2-1/2

[Event "Guernsey Holiday"]
[Site "?"]
[Date "2007.10.21"]
[Round "1"]
[White "Carlucci, Paul A"]
[Black "Lowe, Greg"]
[Result "1-0"]
[WhiteElo "1704"]
[BlackElo "1364"]
[PlyCount "65"]
[EventDate "2007.11.23"]

1. d4 d6 2. Nf3 g6 3. e3 Bg7 4. Be2 a6 5. O-O Nd7 6. b3 b6 7. Bb2 e6 8. Nbd2
Bb7 9. a3 Ne7 10. Rc1 Rc8 11. c4 c5 12. Rc2 O-O 13. Re1 cxd4 14. exd4 Nf6 15.
Bd3 d5 16. c5 b5 17. b4 Nc6 18. Ne5 Nxe5 19. dxe5 Nd7 20. Nf3 Qc7 21. Bd4 Bc6
22. Qd2 Ra8 23. h4 f6 24. exf6 Nxf6 25. Be5 Qb7 26. Qc1 Rad8 27. Nd4 Ne4 28.
Bxg7 Rde8 29. Bxf8 Rxf8 30. Nxc6 Qxc6 31. Bxe4 dxe4 32. Qe3 Qc7 33. Rd2 1-0

[Event "Guernsey Holiday"]
[Site "?"]
[Date "2007.10.21"]
[Round "1"]
[White "Silverstein, Ben"]
[Black "Haisma, Henk"]
[Result "1/2-1/2"]
[WhiteElo "1464"]
[BlackElo "1692"]
[PlyCount "69"]
[EventDate "2007.11.23"]

1. e4 c5 2. Nf3 Nc6 3. c3 d5 4. exd5 Qxd5 5. c4 Qd8 6. b3 Bf5 7. Bb2 Nb4 8. Na3
e6 9. Be2 Nf6 10. O-O Be7 11. d4 cxd4 12. Nxd4 Bg6 13. Qe1 O-O 14. Nf3 Nd3 15.
Bxd3 Qxd3 16. Ne5 Qf5 17. Nxg6 hxg6 18. Nb5 Rfd8 19. Nd4 Qc5 20. Nb5 Qb6 21.
Bc3 Rd7 22. Rd1 Rad8 23. Rxd7 Rxd7 24. Qa1 a6 25. Nd4 Bc5 26. Nf3 Ne4 27. Be1
g5 28. b4 Be7 29. Qe5 f5 30. c5 Qc6 31. Nd4 Qd5 32. Qxe6+ Qxe6 33. Nxe6 Kf7 34.
f3 Nd2 35. Bxd2 1/2-1/2

[Event "Guernsey Holiday"]
[Site "?"]
[Date "2007.10.21"]
[Round "1"]
[White "Brooker, Chris H"]
[Black "Foster, James M"]
[Result "1-0"]
[WhiteElo "1670"]
[BlackElo "1432"]
[PlyCount "123"]
[EventDate "2007.11.23"]

1. f4 d5 2. e3 c5 3. b3 Nf6 4. d3 Nc6 5. Nf3 e6 6. Be2 b6 7. Bb2 Bb7 8. Ne5 Be7
9. O-O O-O 10. Nd2 d4 11. e4 Nxe5 12. fxe5 Nd7 13. Nf3 Qc7 14. Bc1 f6 15. exf6
Bxf6 16. Ng5 Rae8 17. Bg4 Qd6 18. Bf4 e5 19. Bd2 h6 20. Nf3 Nb8 21. Qe1 Nc6 22.
a3 Bc8 23. Qg3 Bxg4 24. Qxg4 Kh8 25. Nh4 Ne7 26. Ng6+ Nxg6 27. Qxg6 Re6 28. Qh5
Be7 29. Rxf8+ Bxf8 30. Qf7 Qe7 31. Rf1 Qxf7 32. Rxf7 Be7 33. Be1 g5 34. Bg3 h5
35. Rf5 Bf6 36. Rxf6 Rxf6 37. Bxe5 Kg7 38. h3 Kg6 39. Bxf6 Kxf6 40. Kf2 Ke6 41.
Kf3 Kf6 42. h4 gxh4 43. Kf4 a6 44. a4 a5 45. e5+ Ke6 46. Ke4 Ke7 47. Kd5 Kd7
48. e6+ Ke7 49. Ke5 Ke8 50. Kd6 Kd8 51. Kc6 Ke7 52. Kxb6 Kxe6 53. Kxa5 Kf5 54.
Kb5 Kg4 55. a5 Kg3 56. a6 Kxg2 57. a7 h3 58. a8=Q+ Kg1 59. Qg8+ Kh1 60. Qd5+
Kg1 61. Qxh5 h2 62. Kxc5 1-0

[Event "Guernsey Holiday"]
[Site "?"]
[Date "2007.10.21"]
[Round "1"]
[White "Newrick, William R"]
[Black "Kearsley, Raymond J"]
[Result "1/2-1/2"]
[WhiteElo "1363"]
[BlackElo "1664"]
[PlyCount "74"]
[EventDate "2007.11.23"]

1. d4 Nf6 2. Nf3 g6 3. c4 d5 4. e3 Bg7 5. Nc3 O-O 6. Be2 c5 7. O-O cxd4 8. Nxd4
Nc6 9. Nxc6 bxc6 10. cxd5 cxd5 11. Bf3 Bb7 12. Re1 Ne4 13. Nb5 Qb6 14. Nd4 e5
15. Nb3 Rfd8 16. Bd2 a5 17. Bxa5 Rxa5 18. Nxa5 Qxa5 19. Bxe4 dxe4 20. b4 Qb6
21. Qb3 Rd3 22. Qb2 Bd5 23. Rec1 Qe6 24. b5 Bf8 25. b6 Ba3 26. b7 Bxb7 27. Qxb7
Bxc1 28. Rxc1 Qxa2 29. Qb8+ Kg7 30. Qxe5+ Kh6 31. Qxe4 Qe2 32. Qf3 Qb2 33. Rf1
Kg7 34. h4 Qe5 35. g3 Rd6 36. Qf4 Qxf4 37. exf4 Rd2 1/2-1/2

[Event "Guernsey Holiday"]
[Site "?"]
[Date "2007.10.21"]
[Round "1"]
[White "Baart, Edwin"]
[Black "Beadle, John R"]
[Result "1/2-1/2"]
[WhiteElo "1637"]
[BlackElo "1400"]
[PlyCount "95"]
[EventDate "2007.11.23"]

1. d4 Nf6 2. Nf3 g6 3. c4 d6 4. Nc3 Bg7 5. Bg5 O-O 6. Bxf6 exf6 7. e3 f5 8. Rc1
Nd7 9. g3 Nf6 10. Bg2 Re8 11. O-O Rb8 12. b4 b6 13. Qa4 a6 14. Rfd1 Qd7 15. Qc2
Bb7 16. Ne5 dxe5 17. dxe5 Qc8 18. exf6 Bxf6 19. Nd5 Bg7 20. c5 Bxd5 21. Rxd5 b5
22. Rcd1 Bf6 23. Rd7 Rd8 24. Bc6 Rxd7 25. Rxd7 Qe8 26. Rxc7 Qe6 27. Bg2 Rc8 28.
Rxc8+ Qxc8 29. Qd3 Qe6 30. Qd6 Qxd6 31. cxd6 Kf8 32. Bb7 Bc3 33. a3 Bb2 34.
Bxa6 Bxa3 35. Bxb5 Bxb4 36. d7 Ke7 37. h4 h6 38. Kg2 g5 39. h5 Ba5 40. f4 f6
41. Kf3 Bb6 42. Bd3 Kxd7 43. Bxf5+ Kd6 44. e4 Bd4 45. g4 Bb2 46. Bg6 Bd4 47. f5
Ke5 48. Be8 1/2-1/2

[Event "Guernsey Holiday"]
[Site "?"]
[Date "2007.10.21"]
[Round "1"]
[White "Welch, Hazel"]
[Black "Onwezen, Eric"]
[Result "0-1"]
[WhiteElo "1368"]
[BlackElo "1621"]
[PlyCount "74"]
[EventDate "2007.11.23"]

1. d4 d5 2. Nf3 Nf6 3. c4 c6 4. g3 Bg4 5. Bg2 e6 6. O-O Be7 7. Nc3 O-O 8. Bg5
Nbd7 9. Rc1 Qa5 10. a4 Bxf3 11. Bxf3 dxc4 12. Bxf6 Nxf6 13. Qc2 Rfd8 14. Rfd1
Rd7 15. Na2 Rad8 16. Qxc4 Qb6 17. e3 Qxb2 18. Nc3 Qb4 19. Qa2 c5 20. Ne2 cxd4
21. exd4 Qa3 22. Qc2 Qxf3 23. Qb2 Ba3 24. Rc3 Qxf2+ 25. Kxf2 Bxb2 26. Rc4 Ng4+
27. Kf3 h5 28. h3 Ne5+ 29. dxe5 Rxd1 30. Nf4 Bxe5 31. Nxh5 g6 32. Nf4 Bxf4 33.
gxf4 R8d3+ 34. Kg4 Kg7 35. Rb4 b6 36. Rc4 Rh1 37. h4 Rg1# 0-1

[Event "Guernsey Holiday"]
[Site "?"]
[Date "2007.10.21"]
[Round "1"]
[White "Kok, F.."]
[Black "Ainscow, Faye"]
[Result "1-0"]
[WhiteElo "1609"]
[BlackElo "1336"]
[PlyCount "99"]
[EventDate "2007.11.23"]

1. d4 d5 2. c4 Nf6 3. e3 Bf5 4. Nc3 e6 5. a3 Be7 6. Be2 O-O 7. Nf3 Ne8 8. cxd5
exd5 9. Qb3 Be6 10. Qxb7 Nd7 11. Nxd5 Bxd5 12. Qxd5 Nef6 13. Qc6 Nb6 14. O-O
Qd6 15. Qc2 g6 16. Bd2 c5 17. Rac1 Nfd7 18. Bb5 a6 19. Bxd7 Nxd7 20. dxc5 Nxc5
21. Bb4 Rac8 22. Bxc5 Rxc5 23. Qxc5 Qxc5 24. Rxc5 Bxc5 25. Rc1 Be7 26. a4 Rd8
27. g3 a5 28. Rc7 Kf8 29. Kf1 Ke8 30. Ke2 Rb8 31. Rc2 Rb4 32. b3 Rxb3 33. Ra2
Rb7 34. Nd4 Bb4 35. Rb2 Kd7 36. Nc2 Kd6 37. Kd3 Kc5 38. f3 Rd7+ 39. Nd4 f5 40.
Rc2+ Kd6 41. Rc6+ Ke7 42. e4 fxe4+ 43. Kxe4 Kf7 44. Ke5 Bf8 45. Ke4 Bg7 46. Nb3
Re7+ 47. Kd3 Rd7+ 48. Kc4 h5 49. Rc5 Bf8 50. Rxa5 $138 {Time.} 1-0

[Event "Guernsey Holiday"]
[Site "?"]
[Date "2007.10.21"]
[Round "1"]
[White "Herschmann, Heinz"]
[Black "Jongerius, M.."]
[Result "1/2-1/2"]
[WhiteElo "1320"]
[BlackElo "1592"]
[PlyCount "66"]
[EventDate "2007.11.23"]

1. e4 e5 2. Nf3 Nc6 3. d4 exd4 4. Nxd4 Bc5 5. Nxc6 Qf6 6. Qf3 Qxf3 7. gxf3 dxc6
8. Be3 Bd6 9. h3 f6 10. Nd2 Be6 11. Bc4 Bxc4 12. Nxc4 c5 13. Rd1 O-O-O 14. Ke2
Ne7 15. Rd3 Nc6 16. c3 Be7 17. Rhd1 Rxd3 18. Rxd3 Rd8 19. Rxd8+ Kxd8 20. f4 {
(=)} g6 21. Kf3 Kd7 22. Kg4 h5+ 23. Kf3 Ke6 24. Kg3 b5 25. Nd2 Bd6 26. Kf3 a6
27. Nb3 c4 28. Nc5+ Bxc5 29. Bxc5 a5 30. a3 a4 31. Be3 Ne7 32. Bd2 Nc6 33. Be3
Ne7 1/2-1/2

[Event "Guernsey Holiday"]
[Site "?"]
[Date "2007.10.21"]
[Round "1"]
[White "O'Connor, J.."]
[Black "Carrick, Peter"]
[Result "1-0"]
[WhiteElo "1591"]
[BlackElo "1304"]
[PlyCount "39"]
[EventDate "2007.11.23"]

1. e4 d5 2. exd5 Qxd5 3. Nc3 Qa5 4. d4 Nf6 5. Bd2 c6 6. a3 g6 7. Nf3 Bg7 8. Bd3
O-O 9. Qe2 Qc7 10. O-O-O e6 11. h4 Nh5 12. Qe3 f5 13. Rdg1 f4 14. Qe1 Rd8 15.
g4 fxg3 16. fxg3 Bxd4 17. Nxd4 Rxd4 18. Qf2 e5 19. Bh6 Be6 20. Qf8# 1-0

[Event "Guernsey Holiday"]
[Site "?"]
[Date "2007.10.21"]
[Round "1"]
[White "Cox, Marian"]
[Black "Timmerman, Peter"]
[Result "1/2-1/2"]
[WhiteElo "1200"]
[BlackElo "1589"]
[PlyCount "69"]
[EventDate "2007.11.23"]

1. e4 e5 2. Nf3 Nc6 3. Bc4 Bc5 4. d3 Nf6 5. Bg5 O-O 6. Nbd2 d6 7. O-O h6 8. Bh4
Bg4 9. c3 g5 10. Bg3 Ne7 11. b4 Bb6 12. Qb3 Qd7 13. d4 exd4 14. Nxd4 Nh5 15. f3
Nxg3 16. hxg3 Bh5 17. Rad1 Nc6 18. Nb1 Ne5 19. g4 Bg6 20. Kh1 Kg7 21. Be6 Qe7
22. Bf5 Bxd4 23. cxd4 Nc6 24. Nc3 Bxf5 25. exf5 f6 26. b5 Nd8 27. Rfe1 Qd7 28.
Re4 Re8 29. Rde1 Nf7 30. Nd5 Rxe4 31. Rxe4 Re8 32. Rxe8 Qxe8 33. Nxc7 Qe1+ 34.
Kh2 Qh4+ 35. Kg1 1/2-1/2

[Event "Guernsey Holiday"]
[Site "?"]
[Date "2007.10.21"]
[Round "1"]
[White "Randall, David C"]
[Black "Cox, Reginald E"]
[Result "1-0"]
[WhiteElo "1568"]
[BlackElo "1136"]
[PlyCount "67"]
[EventDate "2007.11.23"]

1. e4 d6 2. d4 Nf6 3. Nc3 e5 4. dxe5 dxe5 5. Qxd8+ Kxd8 6. Bg5 c6 7. O-O-O+ Kc7
8. f4 Bd6 9. Nf3 Nbd7 10. fxe5 Bxe5 11. Nxe5 Nxe5 12. Bxf6 gxf6 13. Bd3 Rg8 14.
g3 Ng4 15. Rdf1 Rg6 16. e5 Rh6 17. exf6 Nxf6 18. Ne4 Nxe4 19. Rxf7+ Bd7 20.
Bxe4 Rh8 21. Rd1 Rd8 22. Bf5 Rd6 23. Rxh7 Rxd1+ 24. Kxd1 Kc8 25. Rxd7 Rxd7+ 26.
Bxd7+ Kxd7 27. Ke2 Ke6 28. Ke3 Ke5 29. h4 Kf5 30. Kf3 b5 31. g4+ Kg6 32. Ke4 a5
33. Kd4 a4 34. Kc5 1-0

[Event "Guernsey Holiday"]
[Site "?"]
[Date "2007.10.21"]
[Round "1"]
[White "Brown, Jim"]
[Black "Palmer, Eric L"]
[Result "1/2-1/2"]
[WhiteElo "1144"]
[BlackElo "1566"]
[PlyCount "46"]
[EventDate "2007.11.23"]

1. Nf3 Nf6 2. d4 d6 3. e3 g6 4. Be2 Bg7 5. O-O O-O 6. Nbd2 Nbd7 7. b3 b6 8. Bb2
Bb7 9. h3 Rc8 10. Rc1 c5 11. c3 e6 12. Re1 d5 13. Bf1 Re8 14. Be2 a6 15. a3 b5
16. c4 bxc4 17. bxc4 cxd4 18. exd4 dxc4 19. Nxc4 Nb6 20. Ncd2 Nfd5 21. Rxc8
Qxc8 22. Qc1 Qxc1 23. Rxc1 Nf4 1/2-1/2

[Event "Guernsey Holiday"]
[Site "?"]
[Date "2007.10.21"]
[Round "1"]
[White "Stoop, Michael"]
[Black "Bennett, DW.."]
[Result "1-0"]
[WhiteElo "1056"]
[BlackElo "1112"]
[PlyCount "81"]
[EventDate "2007.11.23"]

1. d4 c5 2. d5 Nf6 3. c4 g6 4. Nf3 Bg7 5. Nc3 d6 6. e4 Bg4 7. Be2 Nbd7 8. h3
Bxf3 9. Bxf3 Ne5 10. Bd2 Nxc4 11. Qa4+ Qd7 12. Qxc4 a6 13. O-O b5 14. Qe2 b4
15. Nd1 O-O 16. Rb1 a5 17. Ne3 Qc7 18. Nc4 Nd7 19. b3 a4 20. Bc1 Rfe8 21. Bg4
Nf6 22. f4 h5 23. Bf3 a3 24. Kh1 e6 25. Qd3 exd5 26. exd5 Re7 27. Bd2 Rae8 28.
Rbe1 Qd8 29. Rxe7 Rxe7 30. Re1 Rxe1+ 31. Bxe1 Nd7 32. Nxd6 Qf6 33. Nc4 Qxf4 34.
d6 Qc1 35. Qe3 Qc2 36. Qe8+ Kh7 37. Qxd7 Qc1 38. Qe7 Bc3 39. Qxf7+ Kh6 40. Qf8+
Kg5 41. h4# 1-0

[Event "Guernsey Holiday"]
[Site "?"]
[Date "2007.10.21"]
[Round "1"]
[White "Bakkes, Frits"]
[Black "Rodrigues, Benedict"]
[Result "1-0"]
[WhiteElo "1533"]
[BlackElo "944"]
[PlyCount "47"]
[EventDate "2007.11.23"]

1. d4 d5 2. Nc3 Nf6 3. e4 dxe4 4. f3 exf3 5. Nxf3 e6 6. Bc4 c6 7. Bg5 Be7 8.
O-O b6 9. Qe1 b5 10. Bb3 a5 11. a3 Ba6 12. Bxf6 Bxf6 13. Ne4 Bxd4+ 14. Kh1 Bxb2
15. Rd1 Nd7 16. Nd6+ Kf8 17. Nxf7 Bc3 18. Qxe6 Qe7 19. Qxe7+ Kxe7 20. Nxh8 Rxh8
21. Ng5 b4 22. Rf7+ Ke8 23. Rfxd7 Bf6 24. Bf7+ 1-0

[Event "Guernsey Holiday"]
[Site "?"]
[Date "2007.10.21"]
[Round "1"]
[White "Hoare, Amy"]
[Black "Sivakumar, Athman"]
[Result "0-1"]
[WhiteElo "904"]
[BlackElo "1528"]
[PlyCount "80"]
[EventDate "2007.11.23"]

1. e4 e5 2. Nf3 Nc6 3. d4 exd4 4. Bc4 Nf6 5. O-O Nxe4 6. Re1 d5 7. Bxd5 Qxd5 8.
Nc3 Qa5 9. Nxe4 Be6 10. Bd2 Qb6 11. b3 O-O-O 12. Bf4 Bb4 13. Re2 h6 14. a3 Be7
15. Qd3 Bg4 16. a4 g5 17. Bg3 f5 18. Ned2 f4 19. a5 Qb4 20. Ra4 Qd6 21. Nc4 Qf6
22. Nce5 Nxe5 23. Rxe5 Bxf3 24. Qf5+ Qxf5 25. Rxf5 Bc6 26. Rc4 fxg3 27. hxg3 a6
28. f4 Bb5 29. Rxc7+ Kxc7 30. Re5 Bd6 31. Rd5 gxf4 32. gxf4 Bxf4 33. Rf5 Bg3
34. Rf3 Rhg8 35. c4 dxc3 36. Rxc3+ Kb8 37. Rc1 Rd7 38. b4 Rgd8 39. Rb1 Rd1+ 40.
Rxd1 Rxd1# 0-1

[Event "Guernsey Holiday"]
[Site "?"]
[Date "2007.10.21"]
[Round "1"]
[White "Nalichowski, Bogdan"]
[Black "Nalichowski, Seb"]
[Result "0-1"]
[WhiteElo "1458"]
[BlackElo "1667"]
[PlyCount "130"]
[EventDate "2007.11.23"]

1. e4 e6 2. Nc3 d5 3. exd5 exd5 4. d4 c6 5. Bd3 Bd6 6. h3 Ne7 7. Nf3 f6 8. Nh4
Be6 9. Be3 Nd7 10. a3 Nf8 11. Qe2 Qb6 12. b4 a6 13. Na4 Qc7 14. Nc5 Bf7 15. Bf5
g6 16. Bd3 Ne6 17. c3 Nf4 18. Bxf4 Bxf4 19. O-O Bd6 20. Rfe1 Qc8 21. Qe3 O-O
22. Qh6 b6 23. Na4 Qc7 24. Re2 f5 25. Nf3 Nc8 26. Ng5 Be8 27. Ne6 Qf7 28. Nxf8
Bxf8 29. Qg5 Be7 30. Qf4 c5 31. Rae1 Bxa4 32. Qc7 Bd6 33. Qd8+ Kg7 34. b5 c4
35. Bc2 Bxb5 36. a4 Bc6 37. Qg5 h6 38. Qd2 Ra7 39. h4 Re7 40. Rxe7 Nxe7 41. h5
g5 42. Qd1 Bd7 43. Qe2 Ng8 44. Bb1 Nf6 45. Qc2 Qxh5 46. g3 Ne4 47. Re3 Qg6 48.
g4 f4 49. f3 fxe3 50. fxe4 dxe4 51. Qe2 Bf4 52. Qg2 Bc6 53. Bc2 Qe6 54. Qe2 Bd7
55. Bd1 b5 56. axb5 axb5 57. Qg2 h5 58. gxh5 Qh3 59. d5 Qxg2+ 60. Kxg2 Be5 61.
Bc2 Bf5 62. Kf1 Bxc3 63. Ke2 Bd4 64. d6 Bg4+ 65. Kf1 e2+ 0-1

[Event "Guernsey Holiday"]
[Site "?"]
[Date "2007.10.22"]
[Round "2"]
[White "Hoogakker, Peter"]
[Black "O'Connor, J.."]
[Result "1-0"]
[WhiteElo "1746"]
[BlackElo "1591"]
[PlyCount "99"]
[EventDate "2007.11.23"]

1. e4 c5 2. Nf3 a6 3. c3 b5 4. d4 cxd4 5. cxd4 Bb7 6. Bd3 d6 7. O-O Nd7 8. Bf4
Ngf6 9. Re1 e5 10. dxe5 dxe5 11. Nxe5 Nxe5 12. Bxe5 Be7 13. f3 O-O 14. Bg3 Bc5+
15. Kh1 Qb6 16. Nc3 Rad8 17. Qc2 h6 18. Re2 Nh5 19. Bf2 Nf4 20. Bxc5 Qxc5 21.
Rd2 b4 22. Nd5 Qxc2 23. Bxc2 Nxd5 24. Rad1 Ne3 25. Rxd8 Nxd1 26. Rxd1 Rc8 27.
Bb3 Rc7 28. h3 a5 29. Kh2 Kf8 30. Kg3 Ke7 31. Kf4 g5+ 32. Kg4 Kf6 33. h4 Bc8+
34. Kh5 Rc5 35. Rd5 Rxd5 36. Bxd5 gxh4 37. Kxh4 Kg6 38. Kg3 f6 39. Kf2 Ba6 40.
Ke3 Bf1 41. g3 Kg5 42. Be6 Kg6 43. Kd4 Bg2 44. f4 h5 45. Bf5+ Kg7 46. Kc5 Bf1
47. Kb6 a4 48. Ka5 b3 49. axb3 axb3 50. Kb4 1-0

[Event "Guernsey Holiday"]
[Site "?"]
[Date "2007.10.22"]
[Round "2"]
[White "Randall, David C"]
[Black "Carlucci, Paul A"]
[Result "1-0"]
[WhiteElo "1568"]
[BlackElo "1704"]
[PlyCount "105"]
[EventDate "2007.11.23"]

1. e4 d5 2. exd5 Qxd5 3. Nc3 Qa5 4. d4 Nf6 5. Nf3 Bf5 6. Bd3 Bg6 7. O-O c6 8.
Bf4 e6 9. a3 Be7 10. b4 Qd8 11. Bxg6 hxg6 12. b5 Nbd7 13. bxc6 bxc6 14. Qe2 O-O
15. Ne4 Nxe4 16. Qxe4 Nb6 17. Qxc6 Rc8 18. Qe4 Nd5 19. Bd2 Qc7 20. Rfc1 Nc3 21.
Bxc3 Qxc3 22. Qe3 Qxe3 23. fxe3 Rc3 24. e4 Bxa3 25. Rcb1 a5 26. Rb3 Rxb3 27.
cxb3 Bb4 28. Rd1 f6 29. Rd3 Rd8 30. Kf1 Kf7 31. Nd2 Rc8 32. Ke2 Rc1 33. Nf3
Rc2+ 34. Kf1 g5 35. h3 Ke7 36. d5 Rc3 37. Rxc3 Bxc3 38. Ke2 exd5 39. exd5 Kd6
40. Kd3 Ba1 41. Kc4 g6 42. Nd4 Bxd4 43. Kxd4 f5 44. Kc4 f4 45. Kb5 Kxd5 46.
Kxa5 Kc5 47. b4+ Kc6 48. b5+ Kb7 49. b6 Kb8 50. Kb5 Kb7 51. Kc5 Kc8 52. Kc6 Kb8
53. b7 1-0

[Event "Guernsey Holiday"]
[Site "?"]
[Date "2007.10.22"]
[Round "2"]
[White "Sivakumar, Athman"]
[Black "Brooker, Chris H"]
[Result "1/2-1/2"]
[WhiteElo "1528"]
[BlackElo "1670"]
[PlyCount "137"]
[EventDate "2007.11.23"]

1. e4 d5 2. exd5 Qxd5 3. Nc3 Qa5 4. d4 c6 5. Bc4 Nf6 6. Nf3 Bf5 7. Bd2 Qb6 8.
Na4 Qc7 9. Nc5 e6 10. Nd3 Nd5 11. O-O Be7 12. Nc1 Nd7 13. Ne2 N7f6 14. Ng3 Bg6
15. Bb3 h6 16. Ne5 Bh7 17. Re1 O-O 18. c3 c5 19. dxc5 Bxc5 20. Bxd5 Nxd5 21.
Nh5 f6 22. Nf3 Qf7 23. Ng3 e5 24. Qb3 Rad8 25. Rad1 a6 26. a4 Nb6 27. Qxf7+
Kxf7 28. b4 Be7 29. a5 Nc4 30. Nf1 Rd6 31. Ne3 Nxe3 32. Bxe3 Rfd8 33. Rxd6 Rxd6
34. Bc5 Rd3 35. Bxe7 Kxe7 36. Re3 Rxe3 37. fxe3 Kd6 38. c4 Bd3 39. Nd2 Kc6 40.
Kf2 b6 41. b5+ axb5 42. cxb5+ Kxb5 43. axb6 Kxb6 44. e4 Kc5 45. Ke3 Bc2 46. Nf3
Kd6 47. Nh4 Ke6 48. Nf5 Kf7 49. h4 h5 50. g3 g6 51. Nd6+ Ke6 52. Nc4 f5 53.
exf5+ gxf5 54. Nd2 Kd5 55. Nf3 Be4 56. Ng5 Bg2 57. Nh7 Ke6 58. Ng5+ Kf6 59.
Nh7+ Ke7 60. Kf2 Bd5 61. Ke3 Kf7 62. Ng5+ Kg6 63. Nh3 Be6 64. Ng5 Bd7 65. Nf3
Kf6 66. Ng5 Be6 67. Nh7+ Kg7 68. Ng5 Bd5 69. Nh3 1/2-1/2

[Event "Guernsey Holiday"]
[Site "?"]
[Date "2007.10.22"]
[Round "2"]
[White "Nalichowski, Seb"]
[Black "Bakkes, Frits"]
[Result "1-0"]
[WhiteElo "1667"]
[BlackElo "1533"]
[PlyCount "67"]
[EventDate "2007.11.23"]

1. d4 g6 2. Nf3 Bg7 3. c4 Nf6 4. Nc3 O-O 5. e4 d6 6. h3 e5 7. d5 Nh5 8. g4 Nf4
9. Ne2 Nxe2 10. Qxe2 f5 11. Bg5 Bf6 12. Bh6 Rf7 13. gxf5 gxf5 14. Rg1+ Kh8 15.
O-O-O c6 16. Ng5 Bxg5+ 17. Bxg5 Qf8 18. Qh5 Nd7 19. Bh6 Nf6 20. Bxf8 Nxh5 21.
Bxd6 cxd5 22. Bxe5+ Ng7 23. exd5 f4 24. Rd4 f3 25. Rf4 Rxf4 26. Bxg7+ Kg8 27.
Be5+ Kf7 28. Bxf4 Bf5 29. Kd2 Rc8 30. Bd3 Bxh3 31. Rh1 Bg2 32. Rxh7+ Kg8 33.
Rxb7 a5 34. Bh7+ 1-0

[Event "Guernsey Holiday"]
[Site "?"]
[Date "2007.10.22"]
[Round "2"]
[White "Onwezen, Eric"]
[Black "Collins, Alan"]
[Result "0-1"]
[WhiteElo "1621"]
[BlackElo "1504"]
[PlyCount "74"]
[EventDate "2007.11.23"]

1. e4 c6 2. d4 d5 3. Nc3 dxe4 4. Nxe4 Bf5 5. Ng3 Bg6 6. Nf3 Nd7 7. Bd3 Bxd3 8.
Qxd3 Ngf6 9. O-O e6 10. Re1 Be7 11. Bd2 O-O 12. Bc3 Nd5 13. Bd2 c5 14. c4 N5f6
15. Bc3 cxd4 16. Qxd4 Bc5 17. Qh4 Qb6 18. Ne4 Be7 19. Qg5 h6 20. Qg3 Nh5 21.
Qh3 Nhf6 22. Qg3 Nh5 23. Qh3 Nhf6 24. Rad1 Nxe4 25. Rxe4 Nf6 26. Rf4 Rad8 27.
Re1 Nh7 28. Rg4 Ng5 29. Qh5 f6 30. h4 Nxf3+ 31. gxf3 Kh8 32. Rg6 Rg8 33. Rxh6+
gxh6+ 34. Kf1 Kh7 35. Ba5 Qc5 36. Qf7+ Rg7 37. Qxe6 Qxa5 0-1

[Event "Guernsey Holiday"]
[Site "?"]
[Date "2007.10.22"]
[Round "2"]
[White "Le Maitre, Richard"]
[Black "Kok, F.."]
[Result "0-1"]
[WhiteElo "1270"]
[BlackElo "1609"]
[PlyCount "62"]
[EventDate "2007.11.23"]

1. e4 c5 2. Nf3 Nc6 3. Nc3 a6 4. d4 cxd4 5. Nxd4 e6 6. Nxc6 bxc6 7. Bc4 d5 8.
exd5 cxd5 9. Bd3 Bb4 10. Bd2 f5 11. a3 Be7 12. O-O Nf6 13. Re1 O-O 14. Qe2 Ne8
15. Bf4 Bd6 16. Be5 Bxe5 17. Qxe5 Qf6 18. Qxf6 Nxf6 19. Na4 Ra7 20. Nc5 Kf7 21.
c3 Ne4 22. Nxe4 fxe4 23. Be2 a5 24. Rf1 Ba6 25. Bxa6 Rxa6 26. Rfd1 Rc8 27. Rac1
Rb6 28. Rd4 Rxb2 29. g3 Rb3 30. Ra4 Rc5 31. Kg2 e5 0-1

[Event "Guernsey Holiday"]
[Site "?"]
[Date "2007.10.22"]
[Round "2"]
[White "Finch, J Russell"]
[Black "Stoop, Michael"]
[Result "1-0"]
[WhiteElo "1706"]
[BlackElo "1056"]
[PlyCount "63"]
[EventDate "2007.11.23"]

1. d4 Nf6 2. c4 c5 3. d5 b5 4. a4 bxc4 5. Nc3 d6 6. e4 Ba6 7. f4 Nbd7 8. Nf3
Qc7 9. Qc2 g6 10. Be2 Bg7 11. O-O O-O 12. Kh1 Rab8 13. Nd2 Rb4 14. Na2 Rb7 15.
Nxc4 Bxc4 16. Bxc4 a5 17. Nc3 Qc8 18. Ba6 e6 19. Bxb7 Qxb7 20. Nb5 Ne8 21. dxe6
fxe6 22. Rd1 d5 23. exd5 exd5 24. Qe2 Nef6 25. Qe6+ Kh8 26. Nd6 Qb8 27. Nf7+
Kg8 28. Ne5+ Kh8 29. Nxd7 Nxd7 30. Qxd7 Bxb2 31. Rb1 Rd8 32. Bxb2+ 1-0

[Event "Guernsey Holiday"]
[Site "?"]
[Date "2007.10.22"]
[Round "2"]
[White "Carlucci, Frank"]
[Black "Gibson, John"]
[Result "1-0"]
[WhiteElo "1552"]
[BlackElo "1759"]
[PlyCount "103"]
[EventDate "2007.11.23"]

1. e4 d6 2. d4 g6 3. Nf3 Nd7 4. Bc4 e6 5. O-O Ne7 6. Bg5 h6 7. Bh4 g5 8. Bg3 a6
9. a4 b6 10. Re1 Bb7 11. b4 Bg7 12. c3 Nf6 13. Nbd2 Nh5 14. Nf1 O-O 15. h3 d5
16. exd5 Nxd5 17. Rc1 b5 18. axb5 axb5 19. Bxb5 Ra3 20. Qd2 Ndf4 21. Ne3 Qa8
22. Be2 Nxe2+ 23. Qxe2 Nf4 24. Bxf4 gxf4 25. Ng4 Ra2 26. Qd3 Qa3 27. Rc2 Ra1
28. Rxa1 Qxa1+ 29. Kh2 Ra8 30. Qd2 Qb1 31. Rc1 Qe4 32. Re1 Qd5 33. Qxf4 Ra2 34.
Kg1 Qc6 35. Rc1 Re2 36. Nxh6+ Kh7 37. Nxf7 Qe8 38. N3g5+ Kg8 39. Qxc7 Qb5 40.
Qd8+ Bf8 41. Qf6 Bg7 42. Qg6 Qe8 43. Nh6+ Kf8 44. Qxe8+ Kxe8 45. Ng4 e5 46.
Nxe5 Bxe5 47. dxe5 Rxe5 48. Nf3 Bxf3 49. gxf3 Kd7 50. c4 Kc6 51. Kh2 Re2 52.
Kg2 1-0

[Event "Guernsey Holiday"]
[Site "?"]
[Date "2007.10.22"]
[Round "2"]
[White "Naldrett, Geoffrey W"]
[Black "Paardekam, Rene"]
[Result "1/2-1/2"]
[WhiteElo "1520"]
[BlackElo "1754"]
[PlyCount "79"]
[EventDate "2007.11.23"]

1. e4 Nf6 2. e5 Nd5 3. d4 d6 4. Nf3 Bg4 5. h3 Bh5 6. Be2 e6 7. O-O Be7 8. c4
Nb6 9. Nc3 Nc6 10. exd6 cxd6 11. Be3 d5 12. c5 Nd7 13. a3 a5 14. Rb1 Bg6 15.
Bd3 e5 16. Bxg6 hxg6 17. Nxd5 exd4 18. Nxe7 dxe3 19. Nxc6 bxc6 20. Re1 O-O 21.
Rxe3 Nxc5 22. Qc2 Ne6 23. Qxc6 Rc8 24. Qa4 Rc5 25. b4 axb4 26. axb4 Rc4 27. Ne5
Rf4 28. Nf3 Qb6 29. Reb3 Rb8 30. Qa2 Nc7 31. Qd2 Rf5 32. Rd3 Ne6 {(=)} 33. Rd6
Qb7 34. Nd4 Rd5 35. Rxd5 Qxd5 36. Nf3 Qxd2 37. Nxd2 Nd4 38. Kf1 Nc2 39. b5 Na3
40. Rb2 1/2-1/2

[Event "Guernsey Holiday"]
[Site "?"]
[Date "2007.10.22"]
[Round "2"]
[White "Foster, Paul"]
[Black "Ruigrok, Jacques"]
[Result "0-1"]
[WhiteElo "1488"]
[BlackElo "1709"]
[PlyCount "82"]
[EventDate "2007.11.23"]

1. e4 e5 2. Nf3 Nc6 3. d4 exd4 4. Bc4 d6 5. Nxd4 Nf6 6. Nc3 Be7 7. O-O O-O 8.
f4 Nxd4 9. Qxd4 c6 10. Bb3 Nd7 11. Qf2 Nc5 12. f5 Nxb3 13. axb3 a6 14. Bf4 Bg5
15. Rad1 Bxf4 16. Qxf4 Qb6+ 17. Kh1 d5 18. exd5 Bd7 19. f6 h6 20. Qg3 g6 21. h4
Rae8 22. Rf3 Qc5 23. Qf4 Kh7 24. b4 Qb6 25. d6 a5 26. Ne4 Qxb4 27. Re3 Qxb2 28.
Rde1 Qxc2 29. Nf2 Rxe3 30. Rxe3 Qc1+ 31. Kh2 Re8 32. Rf3 Qxf4+ 33. Rxf4 Re6 34.
Ne4 b5 35. g4 a4 36. g5 h5 37. Kg3 a3 38. Nc5 Rxd6 39. Rf3 b4 40. Re3 a2 41.
Re1 Be6 0-1